Work with computers: organizational, management, stress and health aspects : proceedings of the third international conference on Human-Computer interaction, Boston, Massachusetts, September 18-22, 1898

Αποθηκεύτηκε σε:
Λεπτομέρειες βιβλιογραφικής εγγραφής
Συγγραφή απο Οργανισμό/Αρχή: International Conference on Human-Computer Interaction
Άλλοι συγγραφείς: Smith, Michael J. (Michael James) 1945- (Επιμελητής έκδοσης), Salvendy, Gavriel 1938- (Επιμελητής έκδοσης)
Μορφή: Βιβλίο
Γλώσσα:English
Δημοσίευση: Amsterdam, Oxford, New York : Elsevier, 1989
Σειρά:Advances in human factors/ergonomics ; ; 12A
Θέματα:
Ετικέτες: Προσθήκη ετικέτας
Δεν υπάρχουν, Καταχωρήστε ετικέτα πρώτοι!

MARC

LEADER 00000nam a2200000 i 4500
001 1/57248
008 970221s1989 eng d
020 |a 0-444-88077-1 
035 |l 10028159 
040 |a GR-MY-UA  |b gre  |e aacr 
041 0 |a eng 
082 0 |a 004.19 
110 2 |a International Conference on Human-Computer Interaction. 
245 1 0 |a Work with computers: organizational, management, stress and health aspects :  |b proceedings of the third international conference on Human-Computer interaction, Boston, Massachusetts, September 18-22, 1898 /  |c edited by: M.J.Smith, G.Salvendy 
260 |a Amsterdam, Oxford, New York :   |b Elsevier,   |c 1989 
300 |a 698 p. 
490 1 |a Advances in human factors/ergonomics  |v ; 12A 
500 |a Includes author index 
650 0 0 |a Human-computer interaction  |x Congresses. 
700 1 |a Smith, Michael J.  |q (Michael James)  |d 1945-  |4 edt 
700 1 |a Salvendy, Gavriel  |d 1938-  |4 edt 
830 0 |a Advances in human factors/ergonomics ;  |v ; 12A 
852 |a INST  |b CHIOS  |e 19970221  |h 004.19 WOR  |p 005200002395  |q 005200002395  |t BK  |y 0  |z Vol.I 
852 |a INST  |b CHIOS  |e 19970221  |h 004.19 WOR  |p 005200002395  |q 005200002395  |t BK  |v Vol.I:  |y 0  |z Vol.I 
853 |a INST  |b CHIOS  |h 004.19 WOR 
909 |a Χ  |b 018187